000 00291nam a22001337a 4500
008 180126b xxu||||| |||| 00| 0 eng d
020 _a9780872071728
041 _aeng
080 _a37
100 _a47
101 _aEDU
245 _aGuided comprehension
_cLaughlin,M.M
942 _2udc
_cBK
999 _c41050
_d41050